000 00286nam a2200121Ia 4500
008 190216s9999||||xx |||||||||||||| ||und||
100 _aBhagwati Prasad
245 0 _aIncome Tax Law And Practice
260 _bWishwa Prakashan
_c1995
300 _a558p
650 _aCommerce
942 _cBK
999 _c5549
_d5549